Bioestética y salud humana /

Detalles Bibliográficos
Otros Autores: Barraca Mairal, Javier (Editor), Abellán Salort, José Carlos (Editor)
Formato: Electrónico eBook
Lenguaje:español
Publicado: Madrid : Universidad Francisco de Vitoria, UFV Madrid, Editorial, 2020.
Edición:Primera edición.
Colección:Colección Digital.
Materias:
Acceso en línea:Digitalia Hispánica

MARC

LEADER 00000nam a2200000Ii 4500
001 DIGEDUFV0040
003 NyNyDIG
006 m o d
007 cr |||||||||||
008 220615s2020 sp ob 000 0 spa d
035 |a (OCoLC)1335134497 
040 |a DGITA  |b eng  |e rda  |e pn  |c DGITA 
020 |a 9788418360565  |q edición digital 
020 |z 9788418360558  |q edición impresa 
050 1 4 |a RA776.98 ebook 
245 0 0 |a Bioestética y salud humana /  |c coordinadores, Javier Barraca Mairal, José Carlos Abellán Salort. 
250 |a Primera edición. 
264 1 |a Madrid :  |b Universidad Francisco de Vitoria, UFV Madrid, Editorial,  |c 2020. 
300 |a 1 online resource. 
336 |a text  |b txt  |2 rdacontent 
337 |a computer  |b c  |2 rdamedia 
338 |a online resource  |b cr  |2 rdacarrier 
347 |a text file  |2 rdaft 
347 |b PDF 
490 1 |a Colección Digital 
504 |a Includes bibliographical references. 
588 0 |a Online resource; title from PDF title page (Digitalia, viewed June 15, 2022) 
650 0 |a Beauty, Personal  |x Social aspects. 
650 0 |a Aesthetics. 
650 0 |a Bioethics. 
655 0 |a Electronic books. 
700 1 |a Barraca Mairal, Javier,  |e editor. 
700 1 |a Abellán Salort, José Carlos,  |e editor. 
791 2 |a Digitalia (Firm),  |e distributor. 
793 0 |g Digitalia eBook Collection:  |a Editorial Universidad Francisco de Vitoria 
776 0 8 |i Print version:  |t Bioestética y salud humana.  |b Primera edición.  |d Madrid : Universidad Francisco de Vitoria, UFV Madrid, Editorial, 2020  |z 9788418360558 
830 0 |a Colección Digital. 
856 4 0 |3 Digitalia Hispánica  |u https://www.digitaliapublishing.com/a/104114/ 
910 |a Premium collection: 2022